000 00443nam a22001817a 4500
003 MPLRDC
005 20220104123457.0
008 210129b ||||| |||| 00| 0 eng d
082 _a424 RSXZ v.1
100 _a不详
245 _a漂亮手册
_c
250 _a初版
260 _a
_b瑞昇文化图书事业有限
_c1987
300 _b
490 _a瑞昇新知实用生活专辑. 1
650 _a美容
942 _cBK
_o424 RSXZ v.1
999 _c11726
_d11716